000 01104nmm a2200397 a 4500
003 AR-BaBNM
005 20251128205401.0
008 257019s1979 ||||||||||||||000 | spa||
020 _a84-276-0467-X
040 _cAR-BaBNM
100 1 _aEscudero, José Antonio
245 1 0 _aLos origenes del Consejo de ministros en España
_bla Junta Suprema de Estado. 1
260 _aMadrid
_bNacional
_c1979
300 0 _a711 p.
500 0 _aIndice onomástico p. 685-703.
504 _aBibliografía para consultar p. 661-684
600 1 4 _aAranda, Pedro Pablo
600 1 4 _aFloridablanca, José Moniño
600 0 4 _aEnsenada
600 0 4 _aEsquilache
600 1 4 _aArriaga, Juan José
600 1 4 _aGrimaldi, Jerónimo
600 0 4 _aCarlos
_d1716-1788
650 4 _aHISTORIA POLITICA
650 4 _aESTADO
650 4 _aHISTORIA ECONOMICA
650 4 _aMONARQUIA
650 4 _aINSTITUCIONES HISPANOAMERICANAS
650 4 _aDERECHO
651 4 _aEspaña
651 4 _aAmérica Latina
653 0 _aHISTORIA ESPANOLA
653 0 _aABSOLUTISMO
942 _cBK
998 _cmariana
999 _c11189
_d11189